Coelomycetes. VII. Stegonsporium (Record no. 36718)

MARC details
000 -LEADER
fixed length control field 00399nam a2200145Ia 4500
082 ## - DEWEY DECIMAL CLASSIFICATION NUMBER
Classification number 582.28
Item number WAR.7
100 ## - MAIN ENTRY--AUTHOR NAME
Personal name SUTTON, B C
245 #0 - TITLE STATEMENT
Title Coelomycetes. VII. Stegonsporium
260 ## - PUBLICATION, DISTRIBUTION, ETC. (IMPRINT)
Place of publication London
Name of publisher Commonwealth Mycological Inst
Year of publication 1980
490 ## - SERIES STATEMENT
Series statement Mycological papers; no 14
650 ## - SUBJECT ADDED ENTRY--TOPICAL TERM
Topical Term Coelomycetes
700 ## - ADDED ENTRY--PERSONAL NAME
Personal name WARMELO, K T Van
942 ## - ADDED ENTRY ELEMENTS (KOHA)
Koha item type Books
Holdings
Withdrawn status Lost status Damaged status Not for loan Home library Current library Date acquired Full call number Accession Number Koha item type
        RRII Library RRII Library 16/12/2021 582.28 WAR.7 17119 Books